| 000 | 00394nam a22001337a 4500 | ||
|---|---|---|---|
| 040 | _cNUST | ||
| 082 | _a200 THE | ||
| 100 |
_aSYED IMRAN MOAZZAM _9108291 |
||
| 110 |
_aDR KHURRAM KAMAL _9108292 |
||
| 245 | _aTH-SOF-0886-FILLER MATERIAL ESTIMATION FOR POTHOLES USING 3D PAVEMENT IMAGES | ||
| 260 |
_aISLAMABAD: _bNUST COLLEGE OF EME, _c2014. |
||
| 650 |
_aMS-MTS-70 _9108293 |
||
| 942 |
_2ddc _cTHE |
||
| 999 |
_c593091 _d593091 |
||